000 00295nam a2200121Ia 4500
008 220120s9999||||xx |||||||||||||| ||und||
082 _a823 URE
100 _aUre, Jean
245 0 _aBad alice
260 _aHodder
_bNew Delhi
_c2003
300 _a512p.;28cm
_b0
650 _aWIRELESS COMMUNICATION
999 _c137431
_d137431